000 00691nam a22002177a 4500
999 _c11271
_d11271
003 AR-CdUCM
008 190403b ||||| |||| 00| 0 spa d
020 _a84-8389-137-9
040 _aMUNICIPALIDAD PROVINCIAL DEL CUSCO
_cBIBLIOTECA MUNICIPAL DEL CUSCO
082 _aEP / 372.460 /
_bC27
100 _aCapdevila Teulé, Rafael
_928553
245 _aLenguaje :
_bAula - Taller /
260 _aLima :
_bMagisterio.
300 _a143 páginas ;
_bIlustraciones
_c28cm
500 _aEducación primaria 6to
505 _aContenido: La confusión de las lenguas -- Lecturas
650 _aLecturas
_96094
650 _aEducación primaria
_91561
942 _2ddc
_cLIBROS
945 _anom